| 000 | 00853nam a22001577a 4500 | ||
|---|---|---|---|
| 003 | OSt | ||
| 005 | 20151019173827.0 | ||
| 008 | 151019b xxu||||| |||| 00| 0 eng d | ||
| 040 | _cRUA | ||
| 082 | _aAVM NEA 2009 B088 Or.1 | ||
| 100 |
_92492 _aNEAK PHANNA |
||
| 245 | _aThe effect of using acacia leaves in cincentrate on growing broiler chicken avian in royal university of agriculture, (ឥទ្ធិពលនៃការប្រើប្រាស់ស្លឹកអាកាស្យាក្នុងចំណីផ្សំលើការលូតលាស់របស់មាន់សាច់AVIAN នៅស្ថានីយ៍ចិញ្ចឹមសត្វសាកលវិទ្យាល័យភូមិន្ទកសិកម្ម) | ||
| 260 |
_aphnom penh _brua _c2009 |
||
| 300 |
_axiv, 51p. _bill. _c29cm. |
||
| 942 |
_2ddc _cAVM |
||
| 999 |
_c2347 _d2347 |
||